Statistics for 2-Syllable Half-Rhyming Answers

Click here to take the quiz!

General Stats

  • This quiz has been taken 148 times
  • The average score is 9 of 20

Answer Stats

HintAnswer% Correct
Lone Star state leviesTexas taxes
76%
An uninebriated swordSober saber
74%
1980s hairstyle on a croquet hammerMallet mullet
68%
Origami flute player of HamelinPaper piper
65%
Croak of a bunnyRabbit ribbit
55%
Custom of a Shire-dwellerHobbit habit
50%
Central Olympic prizeMiddle medal
50%
Brownish-yellow land unitOchre acre
49%
More petite perfume testerSmaller smeller
45%
Guiding light made of pork meatBacon beacon
42%
Davy of the Alamo's grasshoppersCrockett's crickets
40%
Skinny spoken defamationSlender slander
40%
Conflict in a genie's homeBottle battle
39%
Currency for a Disney mouseMinnie money
36%
Empty ring of lightHollow halo
34%
Satanic ellipseEvil oval
32%
Enthusiast of the Thames, eg.River raver
32%
Sexier batsmanHotter hitter
25%
Animal in a volcanic holeCrater critter
23%
Appropriately coloured salad itemReddish radish
6%

Score Distribution

Percentile by Number Answered

Percent of People with Each Score

Your Score History

You have not taken this quiz